[Event "Gibraltar Masters"]
[Site "Caleta ENG"]
[Date "2011.01.28"]
[Round "4.89"]
[White "Moreno Cervera, Jose Luis"]
[Black "Montabord, Manuel"]
[Result "0-1"]
[WhiteElo "1903"]
[BlackElo "2063"]
[WhiteFideId "2274213"]
[BlackFideId "614386"]
[EventDate "2011.01.25"]
[EventType "swiss"]

1. d4 Nf6 2. Bf4 d6 3. Nf3 Nbd7 4. h3 g6 5. e3 Bg7 6. Be2 c5 7. c3 b6 8. a4 Bb7
9. a5 O-O 10. a6 Bc6 11. Nbd2 b5 12. Qb1 Rb8 13. e4 Rb6 14. b4 cxb4 15. cxb4 Nb8
16. d5 Bxd5 17. Ra3 Bc6 18. Be3 Rxa6 19. Rxa6 Nxa6 20. Bxa7 Qa8 21. Be3 Nxe4 22.
Bxb5 Nxd2 23. Bxc6 Nxb1 24. Bxa8 Rxa8 25. b5 Nb4 26. O-O Nc3 27. b6 Nbd5 28. Nd2
Rb8 29. Nc4 Nxe3 30. fxe3 d5 0-1

[Event "Gibraltar Masters"]
[Site "Caleta ENG"]
[Date "2011.01.28"]
[Round "4.90"]
[White "McKenna, Jason P"]
[Black "Bihi, Mehdi"]
[Result "1-0"]
[WhiteElo "2062"]
[BlackElo "1936"]
[WhiteFideId "403857"]
[BlackFideId "637076"]
[EventDate "2011.01.25"]
[EventType "swiss"]

1. e4 c5 2. Nf3 Nc6 3. d4 cxd4 4. Nxd4 Nf6 5. Nc3 e5 6. Ndb5 d6 7. Bg5 a6 8. Na3
b5 9. Nd5 Be7 10. Bxf6 Bxf6 11. c3 Ne7 12. Nc2 Nxd5 13. Qxd5 Rb8 14. Nb4 Bb7 15.
Qd3 O-O 16. g3 Qb6 17. Bg2 Rbc8 18. O-O Rc5 19. Rfd1 a5 20. Nc2 b4 21. cxb4 axb4
22. Qb3 Rb8 23. Qxb4 Qc7 24. Ne3 Ba8 25. Qd2 Bg5 26. b3 Bxe3 27. Qxe3 g6 28.
Rac1 Rb4 29. Rxc5 dxc5 30. Rc1 Rd4 31. Qc3 Bxe4 32. Bxe4 Rxe4 33. Qd3 Rd4 34.
Qb5 Qa7 35. Qe8+ Kg7 36. Qxe5+ f6 37. Qxc5 1-0

[Event "Gibraltar Masters"]
[Site "Caleta ENG"]
[Date "2011.01.28"]
[Round "4.92"]
[White "Jorgensen, Line Jin"]
[Black "Scholzen, Wolfgang"]
[Result "0-1"]
[WhiteElo "1892"]
[BlackElo "2057"]
[WhiteFideId "1505467"]
[BlackFideId "24637629"]
[EventDate "2011.01.25"]
[EventType "swiss"]

1. d4 Nf6 2. c4 c5 3. d5 e6 4. Nc3 exd5 5. cxd5 d6 6. e4 g6 7. Nf3 Bg7 8. Be2
O-O 9. O-O a6 10. a4 Re8 11. Qc2 Nbd7 12. Bg5 Qc7 13. Nd2 Nb6 14. Bf4 Bd7 15.
Rfe1 Rab8 16. h3 Nc8 17. a5 Rd8 18. Nb3 Na7 19. Na4 Bxa4 20. Rxa4 Re8 21. Bh2
Rbc8 22. Rd1 Nb5 23. Rc4 Qe7 24. Bf3 Nd7 25. Qd2 Ne5 26. Bxe5 Qxe5 27. Rb1 Bf6
28. Bg4 Rcd8 29. f4 Qe7 30. Kh1 Nd4 31. Nxd4 Bxd4 32. Bf3 Qh4 33. Rf1 f5 34.
exf5 gxf5 35. b4 Rd7 36. bxc5 dxc5 37. Qd3 Re1 38. Rc1 Rxc1 39. Rxc1 Qxf4 40.
Rf1 Be5 41. g3 Qg5 42. Bg2 Qxg3 43. Qxg3+ Bxg3 44. Rxf5 Bc7 45. Rf6 Bxa5 46. d6
Bd8 47. Bd5+ Kg7 48. Re6 b5 49. Bc6 Rf7 50. Re8 Rf8 51. d7 c4 52. Be4 h6 53. Re6
a5 54. Rg6+ Kf7 55. Rxh6 c3 56. Kg2 b4 57. Ra6 Ke7 58. h4 Rf4 59. Bc2 Rxh4 60.
Kf3 Kxd7 61. Ke3 Rh2 62. Ba4+ Ke7 63. Kd3 Rd2+ 64. Ke4 Ra2 65. Bb3 Rb2 66. Ba4
b3 67. Ra7+ Kf6 68. Ra6+ Kg5 69. Rc6 c2 70. Kd3 Rb1 71. Kd2 Rd1+ 0-1

[Event "Gibraltar Masters"]
[Site "Caleta ENG"]
[Date "2011.01.28"]
[Round "4.93"]
[White "Jameson, David"]
[Black "Boesch, Heinz"]
[Result "1/2-1/2"]
[WhiteElo "2054"]
[BlackElo "1899"]
[WhiteFideId "1801538"]
[BlackFideId "4673824"]
[EventDate "2011.01.25"]
[EventType "swiss"]

1. e4 d5 2. exd5 Qxd5 3. Nf3 Nf6 4. Be2 e6 5. O-O a6 6. d4 Be7 7. Bf4 Qd8 8. c4
O-O 9. Nc3 c6 10. Qa4 Nbd7 11. Rad1 Nh5 12. Be3 Qc7 13. Qc2 Nhf6 14. Rd2 b5 15.
b3 Bb7 16. c5 Rfe8 17. b4 a5 18. a3 axb4 19. axb4 Nd5 20. Nxd5 exd5 21. Bd3 g6
22. g3 Bf6 23. Bf4 Qd8 24. Rdd1 Nf8 25. Kg2 Ne6 26. Be3 Ra7 27. h4 h5 28. Ra1
Rxa1 29. Rxa1 Qe7 30. Ra7 Ra8 31. Rxa8+ Bxa8 32. Qa2 Bb7 33. Kh2 Qc7 34. Qc2 Kg7
35. Qd2 Bc8 36. Bh6+ Kg8 37. Bf1 Ng7 38. Bf4 Qb7 39. Qe3 Bf5 40. Be5 Qe7 41. Qf4
Ne6 42. Qe3 Kg7 43. Be2 Nf8 44. Qg5 Ne6 45. Qe3 Nf8 46. Kg1 Kg8 47. Kh2 Nd7 48.
Bxf6 Qxf6 49. Ng5 Nf8 50. Nf3 Nd7 51. Kg1 Kg7 52. Kf1 Bg4 53. Ng1 Bxe2+ 54. Nxe2
Qf5 55. Kg2 Nf6 56. Ng1 Qb1 57. Qa3 Ne4 58. Nh3 Nd2 59. Qe3 Qe4+ 60. Qxe4 Nxe4
61. Nf4 Nc3 62. Kf3 Na2 63. Nd3 f6 64. Ke3 Nc3 65. f3 Kf7 66. Kd2 Nb1+ 67. Kc1
Nc3 68. Kd2 Nb1+ 69. Kc2 Na3+ 70. Kb3 Nc4 71. Kc3 Ne3 72. Nf4 Nf5 73. Ne2 Ke6
74. Kd3 1/2-1/2

[Event "Gibraltar Masters"]
[Site "Caleta ENG"]
[Date "2011.01.28"]
[Round "4.94"]
[White "Salomon, Johan"]
[Black "Wilson, Alexandra"]
[Result "1-0"]
[BlackTitle "WFM"]
[WhiteElo "1836"]
[BlackElo "2037"]
[WhiteFideId "1509500"]
[BlackFideId "411000"]
[EventDate "2011.01.25"]
[EventType "swiss"]

1. e4 e6 2. d4 b6 3. Nf3 Bb7 4. Bd3 Nf6 5. Qe2 Be7 6. O-O d6 7. c3 Nbd7 8. Nbd2
c5 9. Re1 e5 10. d5 Nf8 11. Nf1 Bc8 12. Ng3 h5 13. Bb5+ Bd7 14. Nf5 Rg8 15. Bg5
Bxb5 16. Qxb5+ Qd7 17. Qe2 N8h7 18. Bxf6 Bxf6 19. a4 g6 20. Ne3 Be7 21. Nd2 Nf6
22. b4 h4 23. bxc5 dxc5 24. Reb1 Rb8 25. Nec4 Bd6 26. f4 Qe7 27. Nxd6+ Qxd6 28.
Nc4 Qe7 29. Nxe5 Rc8 30. a5 bxa5 31. Nc4 Nxd5 32. Qd2 Nb6 33. Nd6+ Kf8 34. Nxc8
Nxc8 35. Rxa5 Kg7 36. Qe3 c4 37. Qd4+ Kh7 38. e5 Nb6 39. Rba1 Ra8 40. Qd2 Qb7
41. Ra6 h3 42. gxh3 Qf3 43. Qd4 Nd5 44. Rf1 Nxc3 45. Rxf3 Ne2+ 46. Kf2 Nxd4 47.
Rc3 Rb8 48. Ke3 Nf5+ 49. Ke4 Kg7 50. Rxa7 Rb2 51. Rxc4 Re2+ 52. Kf3 Re3+ 53. Kf2
Rxh3 54. Rcc7 Rxh2+ 55. Kg1 1-0

[Event "Gibraltar Masters"]
[Site "Caleta ENG"]
[Date "2011.01.28"]
[Round "4.95"]
[White "Becking, Franz Josef"]
[Black "Kuehnast, Volker"]
[Result "1-0"]
[WhiteElo "2029"]
[BlackElo "1899"]
[WhiteFideId "4632540"]
[BlackFideId "24653756"]
[EventDate "2011.01.25"]
[EventType "swiss"]

1. d4 g6 2. Nc3 c6 3. e4 d5 4. Nf3 Bg4 5. Be3 dxe4 6. Nxe4 Qb6 7. Be2 Bh6 8. O-O
Nd7 9. Qd2 Bxe3 10. Qxe3 Bxf3 11. Bxf3 Ndf6 12. Rfe1 Nxe4 13. Qxe4 Qc7 14. d5
Nf6 15. Qc4 Rc8 16. dxc6 bxc6 17. Re3 O-O 18. Rae1 e6 19. Ra3 Rfd8 20. Qc5 Qb6
21. Qxb6 axb6 22. Ra6 Ra8 23. Rxb6 Rxa2 24. Kf1 Rd2 25. Rc1 Rd6 26. b3 Nd5 27.
Bxd5 exd5 28. Ke2 Re6+ 29. Kd3 c5 30. Rb8+ Kg7 31. Rc8 Ra5 32. Rd8 c4+ 33. bxc4
dxc4+ 34. Kxc4 Re2 35. Kb4 Ra7 36. c4 Rxf2 37. c5 Rb7+ 38. Kc4 Rf5 39. Rd5 Rf4+
40. Rd4 Rf5 41. Rcd1 Rf2 42. R1d2 Rb2 43. Rxf2 Rxf2 44. c6 Rc2+ 45. Kb5 Rxg2 46.
c7 1-0

[Event "Gibraltar Masters"]
[Site "Caleta ENG"]
[Date "2011.01.28"]
[Round "4.96"]
[White "Memarian, Milad"]
[Black "Perez Reisler, Jose"]
[Result "1-0"]
[WhiteElo "2028"]
[BlackElo "1893"]
[WhiteFideId "12503193"]
[BlackFideId "3100820"]
[EventDate "2011.01.25"]
[EventType "swiss"]

1. d4 Nf6 2. c4 g6 3. Nc3 Bg7 4. e4 d6 5. Nf3 O-O 6. Be2 Nbd7 7. O-O e5 8. d5
Nc5 9. Qc2 a5 10. Ne1 Ng4 11. f3 Nh6 12. Nd3 f5 13. Nxc5 dxc5 14. Be3 b6 15. a3
f4 16. Bf2 Bd7 17. b4 axb4 18. axb4 cxb4 19. Nb5 Bxb5 20. cxb5 Ra3 21. Rfc1 Rc3
22. Qb2 Qd6 23. Rxc3 bxc3 24. Qxc3 Nf5 25. exf5 gxf5 26. Rc1 e4 27. Bd4 Rf7 28.
Bxg7 Rxg7 29. Qc6 Qe5 30. Qe6+ Qxe6 31. dxe6 Kf8 32. fxe4 fxe4 33. Kf2 Re7 34.
Bg4 Kg7 35. Rd1 h5 36. Rd7 Kf6 37. Rxe7 Kxe7 38. Bf5 e3+ 39. Kf3 h4 40. Bg4 Kd6
41. Kxf4 e2 42. Bxe2 Kxe6 43. Kg4 1-0

[Event "Gibraltar Masters"]
[Site "Caleta ENG"]
[Date "2011.01.28"]
[Round "4.97"]
[White "Lee, Kai Jie Edward"]
[Black "Haga, Halvor"]
[Result "1/2-1/2"]
[WhiteElo "1833"]
[BlackElo "2024"]
[WhiteFideId "5802920"]
[BlackFideId "1507532"]
[EventDate "2011.01.25"]
[EventType "swiss"]

1. e4 g6 2. d4 Bg7 3. Nc3 c6 4. h3 d6 5. Be3 Nd7 6. Qd2 b5 7. Bd3 a5 8. a3 Bb7
9. Nf3 e6 10. Ne2 Qb6 11. O-O c5 12. c3 Ngf6 13. Ng3 O-O 14. Nh2 b4 15. f4 Ba6
16. h4 Rfb8 17. Rab1 Bxd3 18. Qxd3 Qa6 19. Qd2 Nb6 20. dxc5 Nc4 21. Qf2 bxc3 22.
bxc3 Rxb1 23. Rxb1 Nxe3 24. Qxe3 dxc5 25. Nf3 Ng4 26. Qd2 Bf6 27. e5 Rd8 28. Qe1
Be7 29. Ne4 Rd3 30. Qe2 c4 31. Ne1 Qa7+ 32. Kh1 Re3 33. Qxg4 Rxe4 34. h5 Bxa3
35. Nc2 Qf2 36. Nxa3 Rxf4 37. h6 f5 38. Rb8+ Kf7 39. Rb7+ Kg8 40. Rb8+ Kf7 41.
Rb7+ Kg8 42. Rb8+ 1/2-1/2

[Event "Gibraltar Masters"]
[Site "Caleta ENG"]
[Date "2011.01.28"]
[Round "4.98"]
[White "Zanetti, Bruno"]
[Black "Zaky, Tamir"]
[Result "1-0"]
[WhiteElo "2017"]
[BlackElo "1861"]
[WhiteFideId "1306669"]
[BlackFideId "651451"]
[EventDate "2011.01.25"]
[EventType "swiss"]

1. d4 d5 2. c4 e5 3. dxe5 d4 4. Nf3 Nc6 5. Bf4 Nge7 6. e3 Ng6 7. Bg5 Bb4+ 8.
Nbd2 Qd7 9. exd4 O-O 10. a3 Bxd2+ 11. Qxd2 h6 12. Be3 Qf5 13. Bd3 Qh5 14. h3 f5
15. exf6 Rxf6 16. O-O-O Nge7 17. d5 Rxf3 18. gxf3 Ne5 19. Be2 Bf5 20. f4 Nf3 21.
Qb4 Re8 22. Qxb7 Rd8 23. d6 Rxd6 24. Rxd6 1-0

[Event "Gibraltar Masters"]
[Site "Caleta ENG"]
[Date "2011.01.28"]
[Round "4.99"]
[White "Hegvik, Leif Trygve"]
[Black "Lochte, Szilvia"]
[Result "1-0"]
[WhiteElo "1814"]
[BlackElo "2015"]
[WhiteFideId "1507176"]
[BlackFideId "708410"]
[EventDate "2011.01.25"]
[EventType "swiss"]

1. e4 e6 2. d4 d5 3. Nd2 dxe4 4. Nxe4 Bd7 5. Nf3 Bc6 6. Bd3 Nd7 7. O-O Ngf6 8.
Nxf6+ Nxf6 9. c3 Bxf3 10. Qxf3 c6 11. Bg5 Be7 12. Rad1 Qa5 13. Bxf6 Bxf6 14. a3
Qc7 15. Rfe1 O-O-O 16. b4 e5 17. dxe5 1-0

[Event "Gibraltar Masters"]
[Site "Caleta ENG"]
[Date "2011.01.28"]
[Round "4.100"]
[White "Spanton, Tim R"]
[Black "Reid, Vaness"]
[Result "1-0"]
[BlackTitle "WFM"]
[WhiteElo "2007"]
[BlackElo "1841"]
[WhiteFideId "404802"]
[BlackFideId "3205835"]
[EventDate "2011.01.25"]
[EventType "swiss"]

1. e4 e6 2. d3 d5 3. Nd2 Nf6 4. Ngf3 c5 5. g3 Nc6 6. Bg2 Be7 7. O-O O-O 8. Re1
b6 9. e5 Nd7 10. Nf1 f6 11. exf6 Bxf6 12. Rxe6 Nde5 13. Rxc6 Nxc6 14. Ne3 Bb7
15. c3 Qd7 16. d4 cxd4 17. cxd4 Ne7 18. Ne5 Qc7 19. N3g4 Bxe5 20. Nxe5 Nc6 21.
Bxd5+ Kh8 22. Bf4 Nxe5 23. Bxe5 Qd7 24. Bxb7 Qxb7 25. Qg4 Rf7 26. Rd1 Raf8 27.
d5 h6 28. f4 Rc8 29. Bc3 Rd8 30. Qe6 Rfd7 31. Qxh6+ Kg8 32. Qe6+ Kh7 33. d6 Qc6
34. Rd5 1-0

[Event "Gibraltar Masters"]
[Site "Caleta ENG"]
[Date "2011.01.28"]
[Round "4.101"]
[White "Neumanova, Monika"]
[Black "Bauder, Herbert"]
[Result "1/2-1/2"]
[WhiteElo "1712"]
[BlackElo "2005"]
[WhiteFideId "323918"]
[BlackFideId "4685431"]
[EventDate "2011.01.25"]
[EventType "swiss"]

1. d4 Nf6 2. c4 g6 3. Nc3 Bg7 4. e4 d6 5. f3 O-O 6. Be3 Nbd7 7. Bd3 c5 8. Nge2
cxd4 9. Nxd4 Ne5 10. Be2 Bd7 11. O-O Nc6 12. Rc1 Nxd4 13. Bxd4 Qa5 14. Kh1 Bc6
15. Nd5 Nxd5 16. cxd5 Ba4 17. Qd3 Bxd4 18. Qxd4 Rfc8 19. h3 Bd7 20. a3 a6 21.
Qe3 Rxc1 22. Rxc1 Rc8 23. Rxc8+ Bxc8 24. Qc1 1/2-1/2

[Event "Gibraltar Masters"]
[Site "Caleta ENG"]
[Date "2011.01.28"]
[Round "4.103"]
[White "Cebada Benitez, Fernando"]
[Black "Siddiqui, Nida Mishraz"]
[Result "1-0"]
[WhiteElo "1997"]
[BlackElo "1738"]
[WhiteFideId "2224674"]
[BlackFideId "7800495"]
[EventDate "2011.01.25"]
[EventType "swiss"]

1. e4 e5 2. Nf3 Nc6 3. Bb5 a6 4. Ba4 Nf6 5. O-O Be7 6. Re1 b5 7. Bb3 O-O 8. d4
d6 9. c3 exd4 10. cxd4 Bg4 11. Be3 Nxe4 12. Bd5 Nxf2 13. Bxf2 Bd7 14. Nbd2 Rb8
15. a3 Bf6 16. Ne4 Be7 17. Qc2 Na7 18. Rac1 c6 19. Ba2 Bf5 20. Nf6+ Bxf6 21.
Qxf5 g6 22. Qf4 Bg7 23. Bh4 Qb6 24. Be7 d5 25. Bc5 Qb7 26. Re7 Qc8 27. Rxa7 Rb7
28. Rxb7 Qxb7 29. Bxf8 Kxf8 30. Qd6+ Kg8 31. Rxc6 Bf8 32. Qc7 Qa8 33. Bxd5 Qe8
34. Ne5 1-0

[Event "Gibraltar Masters"]
[Site "Caleta ENG"]
[Date "2011.01.28"]
[Round "4.107"]
[White "Winkler, Stefan1"]
[Black "Sigamoney, Cyril S"]
[Result "1/2-1/2"]
[WhiteElo "1867"]
[BlackElo "1978"]
[WhiteFideId "4698142"]
[BlackFideId "2055287"]
[EventDate "2011.01.25"]
[EventType "swiss"]

1. e4 c6 2. d4 d5 3. e5 c5 4. c4 e6 5. Nf3 Nc6 6. cxd5 exd5 7. Nc3 cxd4 8. Nxd4
Bc5 9. Be3 Bxd4 10. Bxd4 Nge7 11. Be2 O-O 12. O-O Re8 13. f4 Nxd4 14. Qxd4 Nc6
15. Qxd5 Qb6+ 16. Kh1 Qxb2 17. Qc5 Bf5 18. g4 Bc2 19. Bf3 Rac8 20. Nd5 Nd4 21.
Ne7+ Kh8 22. Nxc8 Nxf3 23. Qf2 Rxc8 24. Qxf3 Qd4 25. Rae1 Ba4 26. Re4 Qxe4 27.
Qxe4 Bc6 28. Qxc6 Rxc6 29. Rd1 h6 30. Rd7 f6 31. Rxb7 fxe5 32. fxe5 Rc1+ 33. Kg2
Rc2+ 34. Kg3 Rxa2 35. Kf4 Kh7 36. Kf5 Rxh2 37. Rxa7 Rf2+ 38. Ke6 Kg6 39. Kd6
Rd2+ 40. Ke7 Re2 41. e6 Re4 42. Ra6 Kg5 43. Kf7 Kxg4 44. e7 Rxe7+ 45. Kxe7 h5
46. Rg6+ Kf4 47. Rxg7 h4 48. Kf6 h3 49. Rh7 Kg3 50. Kf5 h2 51. Rxh2 1/2-1/2

[Event "Gibraltar Masters"]
[Site "Caleta ENG"]
[Date "2011.01.28"]
[Round "4.108"]
[White "Helin, Mikael"]
[Black "Forsa, Elise"]
[Result "1-0"]
[WhiteElo "1914"]
[BlackElo "1726"]
[WhiteFideId "1703838"]
[BlackFideId "1500163"]
[EventDate "2011.01.25"]
[EventType "swiss"]

1. e4 c5 2. Nc3 e6 3. Nge2 a6 4. g3 b5 5. Bg2 Bb7 6. O-O Qc7 7. d3 b4 8. Nb1 Nf6
9. Bf4 Qc8 10. Nd2 Be7 11. Nc4 Qd8 12. Bd6 O-O 13. e5 Nd5 14. a4 a5 15. Qd2 Bc6
16. f4 Bxd6 17. Nxd6 Nb6 18. Ne4 Qe7 19. c4 Na6 20. b3 Rad8 21. g4 Nc8 22. g5 d5
23. exd6 Nxd6 24. Nf6+ gxf6 25. Bxc6 Nb8 26. Bg2 Nd7 27. Ng3 fxg5 28. fxg5 Ne5
29. Nh5 Ne8 30. Nf6+ Kh8 31. Qe2 Qd6 32. Be4 Nxf6 33. gxf6 Rg8+ 34. Kh1 Rg5 35.
Rf4 Qd4 36. Raf1 Rdg8 37. Bg6 Qd6 38. Bxh7 Kxh7 39. Qe4+ R8g6 40. Rh4+ Kg8 41.
Qa8+ Qf8 42. Rh8+ Kxh8 43. Qxf8+ Kh7 44. Qxc5 Nxd3 45. Qe3 Ne5 46. Qa7 Kg8 47.
c5 Ng4 48. c6 Rh6 49. Qg1 Rxh2+ 50. Qxh2 Nxh2 51. Rg1 Ng4 52. Rxg4 Rxg4 53. c7
Rf4 54. c8=Q+ Kh7 55. Qd8 Rf5 56. Kh2 Kg6 57. Kg3 Kg5 58. Kh3 Rf3+ 59. Kg2 Rxb3
60. Qh8 Rb2+ 61. Kf3 e5 62. Ke4 Re2+ 63. Kd3 Ra2 64. Qg7+ Kf5 65. Qxf7 e4+ 66.
Ke3 Ra3+ 67. Ke2 Rf3 68. Qe7 Kf4 69. Qd6+ Kg5 70. Qe5+ Kh6 71. Qe6 b3 72. f7+
Kg7 73. Qg4+ Kxf7 74. Qxe4 Rf6 75. Qb7+ Kg6 76. Qxb3 Rf5 77. Ke3 Re5+ 78. Kd4
Kf6 79. Qh3 Rg5 80. Qh6+ Rg6 81. Qf8+ Ke6 82. Qe8+ Kf5 83. Qb5+ Kf4 84. Qxa5
Rd6+ 85. Kc5 Re6 86. Qd2+ Kf5 87. a5 Re5+ 88. Qd5 1-0

[Event "Gibraltar Masters"]
[Site "Caleta ENG"]
[Date "2011.01.28"]
[Round "4.109"]
[White "Kuenitz, Klaus"]
[Black "Wright, Jonathan ENG"]
[Result "1-0"]
[WhiteElo "1695"]
[BlackElo "1895"]
[WhiteFideId "4640713"]
[BlackFideId "418331"]
[EventDate "2011.01.25"]
[EventType "swiss"]

1. d4 Nf6 2. c4 c5 3. Nf3 cxd4 4. Nxd4 e5 5. Nb5 d6 6. Bg5 Be7 7. N1c3 a6 8.
Bxf6 gxf6 9. Na3 f5 10. Nc2 Nc6 11. Ne3 Bg5 12. Ned5 Nd4 13. e3 Ne6 14. g3 Bh6
15. Qh5 Bg7 16. h4 e4 17. O-O-O Bxc3 18. Nxc3 Ng7 19. Qh6 Ne6 20. Bh3 Qa5 21.
Rxd6 Nc5 22. Rhd1 Nd3+ 23. Kb1 Be6 24. Rxe6+ fxe6 25. Qxe6+ Kf8 26. Qf6+ Kg8 27.
Bxf5 1-0

[Event "Gibraltar Masters"]
[Site "Caleta ENG"]
[Date "2011.01.28"]
[Round "4.110"]
[White "Birkestrand, Odd"]
[Black "Kympergr, Vojtech"]
[Result "1/2-1/2"]
[WhiteElo "1894"]
[BlackElo "1631"]
[WhiteFideId "1505548"]
[BlackFideId "326887"]
[EventDate "2011.01.25"]
[EventType "swiss"]

1. e4 e5 2. Nf3 Nc6 3. Bc4 d6 4. d4 Bg4 5. dxe5 Nxe5 6. Be2 Nxf3+ 7. Bxf3 Bxf3
8. Qxf3 Qf6 9. Qb3 O-O-O 10. Nc3 c6 11. Be3 Kb8 12. h4 Qe6 13. Qa3 a6 14. Qa5
Rd7 15. O-O-O Ne7 16. Kb1 Nc8 17. Rd3 Be7 18. f4 Bd8 19. Qa3 g6 20. g3 Be7 21.
Qa4 Bf6 22. Ne2 Re8 1/2-1/2

[Event "Gibraltar Masters"]
[Site "Caleta ENG"]
[Date "2011.01.28"]
[Round "4.112"]
[White "Rough, Robert E"]
[Black "Christiansen, Johan-Sebastian"]
[Result "0-1"]
[WhiteElo "1742"]
[BlackElo "1955"]
[WhiteFideId "2403030"]
[BlackFideId "1512668"]
[EventDate "2011.01.25"]
[EventType "swiss"]

1. e4 e6 2. d4 d5 3. e5 c5 4. Nf3 Nc6 5. Bd3 Qb6 6. O-O Bd7 7. Nbd2 Nh6 8. dxc5
Bxc5 9. Nb3 Ng4 10. Nxc5 Qxc5 11. Bf4 Qb4 12. Qd2 Qxd2 13. Bxd2 Ngxe5 14. Nxe5
Nxe5 15. Bc3 Nxd3 16. cxd3 O-O 17. Bb4 Rfc8 18. Rfc1 b6 19. d4 f6 20. f4 Kf7 21.
Bc3 Rc7 22. Re1 Rc4 23. Rad1 Rac8 24. Kf1 b5 25. a3 Kg6 26. g4 h5 27. h3 Ra8 28.
Ba5 Rh8 29. Bc3 hxg4 30. hxg4 Rh4 31. f5+ exf5 32. gxf5+ Bxf5 33. Re7 Rh1+ 0-1

[Event "Gibraltar Masters"]
[Site "Caleta ENG"]
[Date "2011.01.28"]
[Round "4.114"]
[White "Bishop, Peter"]
[Black "Veiga Rodriguez, Pablo"]
[Result "1-0"]
[WhiteElo "1784"]
[BlackElo "1528"]
[WhiteFideId "613053"]
[BlackFideId "32016050"]
[EventDate "2011.01.25"]
[EventType "swiss"]

1. d4 d5 2. Nf3 Nf6 3. Bg5 Ne4 4. Bh4 Bf5 5. e3 Qd6 6. a3 Qh6 7. Nbd2 g5 8. Bg3
Nxg3 9. fxg3 Nd7 10. c4 e6 11. Qb3 O-O-O 12. cxd5 exd5 13. Qxd5 Qe6 14. Qxe6
Bxe6 15. Nxg5 h6 16. Nxe6 fxe6 17. Bc4 e5 18. O-O exd4 19. exd4 Bg7 20. Nf3 Nb6
21. Be6+ Kb8 22. Rad1 Rd6 23. Bb3 Rhd8 24. Rfe1 a5 25. Re6 a4 26. Rxd6 Rxd6 27.
Bf7 c5 28. Rd2 cxd4 29. Kf1 Nd5 30. Bxd5 Rxd5 31. g4 b5 32. Ne1 Kb7 33. Nd3 Kb6
34. Ke2 Rg5 35. h3 h5 36. Kf3 hxg4+ 37. hxg4 Bh6 38. Re2 Rg6 39. g3 Be3 40. Nf4
Rf6 41. g5 Rf8 42. Kg4 Bc1 43. Rc2 Bxf4 44. gxf4 d3 45. Rd2 Rd8 46. g6 Kc5 47.
f5 Kc4 48. Kf4 Rc8 49. g7 b4 50. axb4 a3 51. bxa3 Kc3 52. Rxd3+ Kxd3 53. f6 1-0

[Event "Gibraltar Masters"]
[Site "Caleta ENG"]
[Date "2011.01.29"]
[Round "5.1"]
[White "Short, Nigel D"]
[Black "Kosintseva, Nadezhda"]
[Result "1-0"]
[WhiteTitle "GM"]
[BlackTitle "IM"]
[WhiteElo "2658"]
[BlackElo "2552"]
[WhiteFideId "400025"]
[BlackFideId "4134974"]
[EventDate "2011.01.25"]
[EventType "swiss"]

1. d4 Nf6 2. c4 e6 3. Nf3 d5 4. Nc3 Bb4 5. cxd5 exd5 6. Bg5 Nbd7 7. Rc1 h6 8.
Bf4 c6 9. a3 Bxc3+ 10. bxc3 O-O 11. e3 Qe7 12. a4 Nh5 13. Be5 Nxe5 14. Nxe5 Nf6
15. Bd3 Nd7 16. Nf3 Nf6 17. Qc2 c5 18. Qb2 Ne4 19. O-O Bf5 20. dxc5 Bd7 21. Bxe4
dxe4 22. Nd4 Bxa4 23. Ra1 Bc6 24. Ra5 Rac8 25. Rxa7 Qxc5 26. Rfa1 Rfd8 27. R7a5
Qe7 28. h3 Rd5 29. Rxd5 Bxd5 30. Ra5 Bc4 31. Nf5 Qc7 32. Qa3 Rd8 33. Ra8 Kh7 34.
Rxd8 Qxd8 35. Nd6 Be6 36. Qb4 b6 37. Qxe4+ Kg8 38. Qd4 Qg5 39. h4 Qe7 40. Kh2
Qc7 41. f4 Qe7 42. Kg3 Qd8 43. e4 Qb8 44. f5 Bb3 45. e5 Qc7 46. Kh2 Qc6 47. f6
Be6 48. Qe3 gxf6 49. Qg3+ Kh7 50. exf6 Bg4 51. Kh1 Qd7 52. Nc4 Qe6 53. Ne3 h5
54. Qf4 Qa2 55. Qe4+ 1-0

[Event "Gibraltar Masters"]
[Site "Caleta ENG"]
[Date "2011.01.29"]
[Round "5.3"]
[White "Rapport, Richard"]
[Black "Fridman, Daniel"]
[Result "0-1"]
[WhiteTitle "GM"]
[BlackTitle "GM"]
[WhiteElo "2531"]
[BlackElo "2655"]
[WhiteFideId "738590"]
[BlackFideId "11600454"]
[EventDate "2011.01.25"]
[EventType "swiss"]

1. d4 d5 2. c4 e6 3. Nc3 Be7 4. Nf3 Nf6 5. Bg5 h6 6. Bxf6 Bxf6 7. e3 O-O 8. Qd2
Nc6 9. Rc1 a6 10. Be2 Re8 11. O-O g6 12. Rfd1 Bg7 13. Qc2 Na5 14. cxd5 exd5 15.
Ne5 c5 16. Bf3 Bf5 17. Qd2 cxd4 18. exd4 Be6 19. Na4 b5 20. Nc5 Nc4 21. Nxc4
bxc4 22. b3 cxb3 23. axb3 a5 24. Re1 Rb8 25. Nxe6 Rxe6 26. Rxe6 fxe6 27. Bg4 Qb6
28. Qd3 Kf7 29. Qg3 Re8 30. h4 Qxd4 31. h5 g5 32. Qf3+ Qf4 33. Rc7+ Re7 34. g3
Qxf3 35. Rxe7+ Kxe7 36. Bxf3 Kd6 37. Bg4 e5 38. f3 Kc5 39. Be6 d4 40. Kf2 Kb4
41. g4 Kc3 42. Ke1 Kc2 43. Bd5 Bf8 44. Kf2 Bc5 45. Ke1 d3 46. Be4 Be3 47. Bf5
Bf4 48. Be4 Bg3+ 49. Kf1 Kc3 50. Bf5 Bf4 51. Ke1 d2+ 52. Kd1 Kxb3 0-1

[Event "Gibraltar Masters"]
[Site "Caleta ENG"]
[Date "2011.01.29"]
[Round "5.4"]
[White "Adams, Michael"]
[Black "Kosintseva, Tatiana"]
[Result "1-0"]
[WhiteTitle "GM"]
[BlackTitle "GM"]
[WhiteElo "2723"]
[BlackElo "2570"]
[WhiteFideId "400041"]
[BlackFideId "4133471"]
[EventDate "2011.01.25"]
[EventType "swiss"]

1. e4 e5 2. Nf3 Nc6 3. Bb5 a6 4. Ba4 Nf6 5. O-O Be7 6. Re1 b5 7. Bb3 d6 8. c3
O-O 9. h3 Nb8 10. d4 Nbd7 11. Nbd2 Bb7 12. Bc2 Re8 13. Nf1 Bf8 14. Ng3 g6 15. a4
c5 16. d5 c4 17. Bg5 h6 18. Be3 Nc5 19. Qd2 h5 20. Bg5 Be7 21. Ra3 Nfd7 22. Be3
Bf6 23. Rea1 Qe7 24. Qc1 Nb6 25. axb5 axb5 26. Ra5 Qd7 27. Bxc5 dxc5 28. Nf1
Rxa5 29. Rxa5 Ra8 30. Rxa8+ Bxa8 31. Qa1 Bb7 32. Qa5 Nc8 33. Ne3 Bd8 34. Qa1 f6
35. g4 hxg4 36. hxg4 g5 37. Nf5 Nd6 38. Nh2 Bb6 39. Nf1 Nxf5 40. gxf5 Bc8 41.
Ne3 Bd8 42. Bd1 Kf8 43. Bh5 Ke7 44. Kg2 Qb7 45. Qd1 Qa6 46. Bg6 Kd6 47. Qh5 Be7
48. Be8 Bd7 49. Qf7 Qc8 50. Bxd7 Qxd7 51. Qe6+ Kc7 52. Ng4 Qd6 53. Nh6 1-0